| 000 | 00844nam a22002177a 4500 | ||
|---|---|---|---|
| 999 |
_c18896 _d18896 |
||
| 003 | AR-CdUCM | ||
| 008 | 190515b ||||| |||| 00| 0 spa d | ||
| 040 |
_aMUNICIPALIDAD PROVINCIAL DEL CUSCO _cBIBLIOTECA MUNICIPAL DEL CUSCO |
||
| 082 |
_a800.5 / _bH46 |
||
| 100 |
_aHeliodoro Valle, Rafael _928782 |
||
| 245 | _aTres pensadores de América (Bolívar, Bello, Marti) / | ||
| 260 |
_aMéxico : _bSecretaria de educación publica, _c1940. |
||
| 300 |
_a96 páginas ; _c21 cm. |
||
| 440 |
_aBiblioteca enciclopedia popular _n110 _939809 |
||
| 505 | _aContenido : Democracia, educación, libertad -- El libertador a su maestro -- Simón Bolívar, libertador, Etc. a los peruanos ... | ||
| 650 |
_aLos tres pensadores _939810 |
||
| 650 |
_aAmérica _91348 |
||
| 650 |
_aIndependencia _9625 |
||
| 942 |
_2ddc _cLIBROS |
||
| 945 |
_arah _d2019/05/15 |
||